Statistiques concernant Les Gardiens de But sélectionnés en équipe de France en Coupe du Monde depuis 1930

Cliquez ici pour prendre le quiz!

Statistiques générales

  • Ce quiz a été pris 232 fois
  • Le résultat moyen est 13 sur 32

Statistiques - réponses

Réponse% Correct
Hugo Lloris
100%
Steve Mandanda
98%
Fabien Barthez
97%
Alphonse Areola
95%
Bernard Lama
92%
Stéphane Ruffier
90%
Grégory Coupet
89%
Mickaël Landreau
87%
Joël Bats
74%
Lionel Charbonnier
71%
Cédric Carrasso
69%
Ulrich Ramé
67%
Jean-Luc Ettori
45%
Dominique Dropsy
24%
Jean Castaneda
24%
Dominique Baratelli
23%
Jean-Paul Bertrand-Demanes
19%
Philippe Bergeroo
18%
Albert Rust
17%
Georges Carnus
15%
Marcel Aubour
12%
Julien Darui
10%
Alexis Thépot
7%
Dominique Colonna
7%
François Remetter
7%
Jean Schuth
4%
Laurent Di Lorto
4%
André Tassin
3%
César Ruminski
3%
Claude Abbes
3%
René Llense
3%
Robert Défossé
2%

Distribution des résultats

Percentile par nombre de réponses

% des personnes avec chaque résultat

Votre développement - résultats

Vous n’avez pas pris ce quiz